| 000 | 01801nam a2200409 c 4500 | ||
|---|---|---|---|
| 999 |
_c173922 _d173922 |
||
| 003 | BLK | ||
| 005 | 20240129130713.0 | ||
| 008 | 180411b bul|||||r ||||||| ||bul|| | ||
| 010 | _aKNG00182367000 | ||
| 040 | _aBLK | ||
| 041 |
_aBUL _cBUL |
||
| 080 |
_aОткривателски пътешествия. Експедиции _b910.4 _z910.4 |
||
| 100 | 1 |
_aТелига, Леонид _eпърви автор _9339622 |
|
| 139 |
_aТелига, Леонид _bТ 46 |
||
| 245 | 1 | 0 |
_aСамотният рейс на "Опти" _bОколосветско пътешествие _cЛеонид Телига; събр., подг. за печат и увод Станислав Телига; прев. от пол. Магдалена Атанасова. |
| 257 | _aPOL | ||
| 260 |
_aВарна _bГеорги Бакалов _c1976 |
||
| 300 |
_a404 с., 32 л. _bил _c23 см |
||
| 380 | _a91 | ||
| 490 |
_aБиблиотека Нептун _vКн. 1 _9205192 |
||
| 500 | _aОриг. загл. Samotny rejs "Opty".- Авт. не е отбезязан на кор | ||
| 650 | 7 |
_aМорски пътешествия _2 _9168588 |
|
| 650 | 4 |
_aМореплаватели, полски _9339624 |
|
| 653 | _aпътешествия | ||
| 653 | _aекспедиции | ||
| 653 | _aмореплаватели | ||
| 700 | 1 |
_aТелига, Станислав _eсъбр., подг. за печат и увод _9339623 |
|
| 700 | 1 |
_aАтанасова, Магдалена _eпрев. от пол. _9368678 |
|
| 852 | _aЦб 80550 | ||
| 856 | 4 |
_qpdf _i0.00 _ldisable |
|
| 856 | 4 |
_qpdf _i0.00 _ldisable |
|
| 942 |
_cKNG _n0 _s1 |
||
| 944 |
_aCR _c23.09.2015 _k30560 _lГеновева Генчева |
||
| 944 |
_aED _c23.09.2015 _kХристина_Везирева |
||
| 999 | _d173922 | ||
| 999 | _d173922 | ||